Yodha: (Record no. 208258)

MARC details
000 -LEADER
fixed length control field 00635nam a22001817a 4500
005 - DATE AND TIME OF LATEST TRANSACTION
control field 20250109114450.0
010 ## - LCCN (DPL NO)
LC control number ENG-143262
020 ## - INTERNATIONAL STANDARD BOOK NUMBER
International Standard Book Number 9789392210310
Terms of availability 1195.00
035 ## - SYSTEM CONTROL NUMBER
System control number EN-126794
037 ## - SOURCE OF ACQUISITION
Source of stock number/acquisition DBAD
082 ## - DEWEY DECIMAL CLASSIFICATION NUMBER
Classification number 355.00954
100 ## - MAIN ENTRY--PERSONAL NAME
Personal name Verma, Shiv Kunal
245 ## - TITLE STATEMENT
Title Yodha:
Remainder of title Illustrated Military History Of India The Epics Bce To The Uprising 1857/
Statement of responsibility, etc By Shiv Kunal Verma
260 ## - PUBLICATION, DISTRIBUTION, ETC. (IMPRINT)
Place of publication, distribution, etc Chandigarh
Name of publisher, distributor, etc JGS Enterprises Pvt. Ltd
Date of publication, distribution, etc 2024
270 ## - ADDRESS
Address SCO 14-15, FF, Sector 8-C
City Chandigarh
Postal code 160009
Electronic mail address service@thebrowser.org
300 ## - PHYSICAL DESCRIPTION
Extent 421p.
Dimensions 23cm(pb)
Other physical details ill. Col.
942 ## - ADDED ENTRY ELEMENTS (KOHA)
Source of classification or shelving scheme Dewey Decimal Classification
Item type English Books
Call number suffix VER
Classification part 355.00954
Holdings
Withdrawn status Lost status Not for loan Collection code Home library Current library Date acquired Source of acquisition Cost, normal purchase price Full call number Barcode Copy number Cost, replacement price Koha item type
      Non-fiction D.B.Act.Division D.B.Act.Division 09/01/2025 Delivery of Books Act Division 1195.00 VER 355.00954 EN-126794 1 1195.00 English Books

© Delhi Public Library
Hit Counter
free hit counter